| 000 | 00699nam a2200217 a 4500 | ||
|---|---|---|---|
| 999 |
_c4925 _d4925 |
||
| 001 | 4925 | ||
| 003 | BD-JhCC | ||
| 005 | 20171206171907.0 | ||
| 008 | 171205s1980 b |||| |||| 00| 0 ben d | ||
| 035 | _a(BD-JhCC) | ||
| 040 |
_aBD-JhCC _dBD-JhCC |
||
| 041 | _aben | ||
| 082 |
_a490.43903 _bCHA 1980 |
||
| 100 | _aচৌধুরী, আহমদ, এ. এম. ফয়েজ | ||
| 245 |
_aবাংলা-উদূ অভিধান / _cএ. এম. ফয়েজ আহমদ চৌধুরী |
||
| 260 |
_aঢাকা : _bবাংলা একাডেমী, _c১৯৮০ |
||
| 300 |
_a253 p. : _c24 cm. |
||
| 650 | _aBengale-Urdu Dicfionary | ||
| 942 |
_2ddc _cBK |
||